01975cam a2200301 a 450000100090000000300050000900500170001400800410003101000170007202000380008903500240012704000560015105000220020708200260022924500970025525000130035226000650036530000330043050400510046350508420051465000500135665000550140665000300146165000360149165000380152770000250156585600830159014974310NUST20170607111940.0070821s2007 dcua b 001 0 eng  a 2007034632 a9781929223664 (pbk. : alk. paper) a(OCoLC)ocn166290722 aDLCcDLCdBAKERdBTCTAdC#PdYDXCPdVVCdHEBISdDLC00aJZ6010b.P42 200700a327.172222bPEA 200700aPeacemaking in international conflict :bmethods & techniques /cI. William Zartman, editor. aRev. ed. aWashington, D.C. :bUnited States Institute of Peace,c2007. aix, 505 p. :bill. ;c23 cm. aIncludes bibliographical references and index.0 aThe conflict resolution field: origins, growth, and differentiation / Louis Kriesberg -- Social-psychological dimensions of international conflict / Herbert C. Kelman -- Negotiating in the international context / Daniel Druckman -- Mediation in international conflicts: theory, practice, and developments / Jacob Bercovitch -- Adjudication: international arbitral tribunals and courts / Richard B. Bilder -- Interactive conflict resolution / Ronald J. Fisher -- Religion and peacebuilding / Cynthia Sampson -- Addressing conflict through education / Pamela R. Aall, Jeffrey W. Helsing, Alan C. Tidwell -- Dealing with conflict: the contributions of training / George F. Ward Jr., J. Michael Lekson -- Sanctions and stability pacts: the economic tools of peacemaking / David Cortright -- The role of force in peacemaking / Jane Hall Lute. 0aPacific settlement of international disputes. 0aDiplomatic negotiations in international disputes. 0aMediation, International. 0aArbitration (International law) 0aConflict managementxMethodology.1 aZartman, I. William.413Table of contents onlyuhttp://www.loc.gov/catdir/toc/ecip0725/2007034632.html